00282nam a2200121Ia 4500008004100000041000800041082001200049100001300061245001700074260004300091300001900134365000700153240624s9999 xx 000 0 und d aeng a823 RAN aRAND AYN aFOUNTAINHEAD c1947aLondonbHarperCollins Publishers a679 : cm. ; 18 cRS